Le forgerou harmonieux variace na Händlovu árii : per grande orchestra : partitura /

Hlavní autor: Klusák, Jan, 1934-
Jazyk: Nelze použít, není lingvistický obsah
Vydáno: Praha : Panton, 1969
Vydání: 1. vyd.
Edice: Studijní partitury
Fyzický popis: 29 s.
Hudebniny Hudebniny
Uloženo v:
LEADER 00738ncm a22002292a 4500
001 001098576
003 CZ BrMZK
005 20110411093203.0
007 qu
008 090305s1969 xr |||||r|||||||| zxx d
040 |a BOA001  |b cze 
100 1 |a Klusák, Jan,  |d 1934-  |7 jn19990209358  |4 cmp 
245 1 3 |a Le forgerou harmonieux  |h [hudebnina] :  |b variace na Händlovu árii : per grande orchestra : partitura /  |c Jan Klusák 
250 |a 1. vyd. 
260 |a Praha :  |b Panton,  |c 1969 
300 |a 29 s. 
490 1 |a Studijní partitury ;  |v 18. 
830 0 |a Studijní partitury 
910 |a BOA001  |b Mus3-0635.484 
990 |a MU 
991 |b 201005 
996 6 |b 2619456717  |c Mus3-0635.484  |l MZK  |r Sklad / do 1 hodiny  |n 2  |w 001124596  |u 000010  |a 1  |e BOA001  |j MZK50  |s P